[Event "Madrid Low cost Cup"]
[Site "Madrid"]
[Date "2009.08.10"]
[Round "5"]
[White "Escobar Pena, Rafael"]
[Black "Lorente Manzanares, Luis Santiago"]
[Result "1/2-1/2"]
[WhiteElo "1991"]
[BlackElo "1924"]
[PlyCount "92"]
[EventDate "2009.08.03"]
[EventType "swiss"]
[EventRounds "8"]
[EventCountry "ESP"]
[SourceTitle "CBM 131 Extra"]
[Source "ChessBase"]
[SourceDate "2009.09.03"]
[SourceVersion "2"]
[SourceVersionDate "2009.09.16"]
[SourceQuality "1"]

1. e4 c6 2. d4 d5 3. Nc3 dxe4 4. Nxe4 Nd7 5. Nf3 Ngf6 6. Ng3 e6 7. Bf4 Be7 8. Qd2 0-0 9. 0-0-0 Nd5 10. Bc4 b5 11. Bxd5 cxd5 12. Kb1 a5 13. h4 Nb6 14. Ne5 Nc4 15. Nxc4 dxc4 16. Ne2 Bb7 17. f3 Qd7 18. Bg5 Rfd8 19. Qe3 Rac8 20. h5 Bxg5 21. Qxg5 h6 22. Qe3 e5 23. g4 exd4 24. Rxd4 Qe8 25. Qf2 Qc6 26. Rf1 Re8 27. Ng3 Qxf3 28. a3 Qxf2 29. Rxf2 Rcd8 30. Rfd2 Rxd4 31. Rxd4 Bc6 32. Kc1 Re7 33. a4 b4 34. Rxc4 Bxa4 35. Rc5 Ra7 36. b3 Bd7 37. Nf5 Be6 38. Ne3 a4 39. bxa4 Rxa4 40. Rb5 Ra3 41. Kd2 b3 42. Rb8+ Kh7 43. c4 Ra2+ 44. Kc3 Re2 45. Kd3 Rb2 46. Kc3 Re2 1/2-1/2

[Event "Parla 25 Jubilee op"]
[Site "Parla"]
[Date "2008.09.11"]
[Round "6"]
[White "Quintero Torres, Pedro"]
[Black "Escobar Pena, Rafael"]
[Result "0-1"]
[WhiteElo "2095"]
[BlackElo "1962"]
[PlyCount "114"]
[EventDate "2008.09.06"]
[EventType "swiss"]
[EventRounds "9"]
[EventCountry "ESP"]
[SourceTitle "CBM 126 Extra"]
[Source "ChessBase"]
[SourceDate "2008.11.05"]
[SourceVersion "1"]
[SourceVersionDate "2008.11.05"]
[SourceQuality "1"]

1. e4 c5 2. Nf3 Nc6 3. Bb5 e6 4. 0-0 Nge7 5. c3 a6 6. Ba4 b5 7. Bc2 c4 8. d4 cxd3 9. Bxd3 Qc7 10. Re1 Ng6 11. Nbd2 Nge5 12. Nxe5 Nxe5 13. Nf3 Nxd3 14. Qxd3 Bc5 15. Be3 Bb7 16. Rad1 Rd8 17. Bxc5 Qxc5 18. Qd6 Qxd6 19. Rxd6 Ke7 20. Rb6 Rb8 21. Re3 Rhc8 22. Nd2 Rc6 23. Rxc6 dxc6 24. Kf1 Rd8 25. Ke2 c5 26. Nb3 c4 27. Na5 Ba8 28. b3 Rc8 29. Kd2 Kd6 30. e5+ Kc5 31. b4+ Kb6 32. g4 Bg2 33. f4 Bf1 34. Re4 Rd8+ 35. Rd4 Rxd4+ 36. cxd4 Bg2 37. Kc3 h6 38. a4 g5 39. axb5 axb5 40. f5 Bf3 41. h3 Bg2 42. Kd2 Bxh3 43. d5 exf5 44. e6 fxe6 45. dxe6 Kc7 46. gxf5 Bxf5 47. e7 Bg6 48. Ke3 h5 49. Kd4 h4 50. Ke5 h3 51. Kf6 Be8 52. Kg7 h2 53. Kf8 Bd7 54. e8Q Bxe8 55. Kxe8 h1Q 56. Kf7 g4 57. Kg6 g3 0-1

[Event "Parla 25 Jubilee op"]
[Site "Parla"]
[Date "2008.09.07"]
[Round "2"]
[White "Escobar Pena, Rafael"]
[Black "Elissalt Cardenas, Hector"]
[Result "0-1"]
[WhiteElo "1962"]
[BlackElo "2317"]
[PlyCount "72"]
[EventDate "2008.09.06"]
[EventType "swiss"]
[EventRounds "9"]
[EventCountry "ESP"]
[SourceTitle "CBM 126 Extra"]
[Source "ChessBase"]
[SourceDate "2008.11.05"]
[SourceVersion "1"]
[SourceVersionDate "2008.11.05"]
[SourceQuality "1"]

1. e4 d6 2. d4 Nf6 3. Nc3 g6 4. f4 Bg7 5. Nf3 0-0 6. g3 c5 7. Bg2 cxd4 8. Nxd4 Nc6 9. Nce2 Qb6 10. c3 e5 11. Nb3 Ng4 12. Rf1 Nxh2 13. Rh1 Ng4 14. Rf1 Be6 15. f5 Bc4 16. Bf3 Ne3 17. Bxe3 Qxe3 18. Qd2 Bh6 19. Rh1 Qxf3 20. Rxh6 Bxe2 21. Qxe2 Qxg3+ 22. Kd2 Qg5+ 23. Qe3 Qxe3+ 24. Kxe3 Kg7 25. Rah1 Rh8 26. Kf3 Ne7 27. Kg4 Ng8 28. R6h3 Nf6+ 29. Kf3 h5 30. Na5 g5 31. Ke3 b5 32. Nb7 d5 33. exd5 Nxd5+ 34. Ke4 Nf6+ 35. Kxe5 Rhd8 36. Nd6 Rac8 0-1